Köbölkút hellyett Kebelkút? Az érsekújváriak javaslata

Bibliographic Details
Main Authors: Kovács, Ferenc (Author), Petrőci, Bálint (Author)
Other Authors: Méry, Gábor, 1967- (gup)
Format: Article
Language:Hungarian
PhysicalDescription:Fot. 1.
Subjects:

MARC

LEADER 00000nab a2200000 a 4500
001 vtls000452964
003 SK-MaSNL
005 20260318123839.0
008 160202c1992 xo 0 hun
015 |a SNBRB19rr/mm-uuuuu 
035 |a CL0453095 
040 |a SNKBUCL  |b slo  |c SNKBUCL  |e AACR2 
041 0 |a hun 
044 |a xo  |c SK 
080 |a 801.311.1  |2 1981 
080 |a 808.54  |2 1981 
080 |a 809.451.1  |2 1981 
080 |a 323.1(437.623=945.11)945.11  |2 1981 
100 1 |a Kovács, Ferenc  |4 aut  |9 9522 
245 1 0 |a Köbölkút hellyett Kebelkút?  |b Az érsekújváriak javaslata  |c Ferenc Kovács, Bálint Petrőci ; Gábor Méry 
300 |b Fot. 1. 
650 0 7 |a slovenčina  |2 snkbucl  |9 1350 
650 0 7 |a maďarčina  |2 snkbucl  |9 1492 
650 0 7 |a lexikológia  |2 snkbucl  |9 866 
650 0 7 |a názvy miest  |2 snkbucl  |9 16449 
650 0 7 |a Köbölkút  |2 snkbucl  |9 1268829 
651 7 |a 5207  |2 snkbucl  |9 276522 
651 7 |a Gbelce (Slovensko)  |2 snkbucl  |9 20252 
655 7 |a články z novín a časopisov  |2 snkbucl  |9 267496 
700 1 |a Petrőci, Bálint  |4 aut  |9 377541 
700 1 |a Méry, Gábor,  |d 1967-  |4 gup  |9 99831 
773 0 |t Vasárnap  |g Roč. 25, č. 10 (1992), s. 5 
850 |a Slovenská národná knižnica v Martine  |a MTA001 
852 |a SNK  |b KIS3GCP 
958 |a RK 
958 |a HU 
992 |a RBX 
999 |c 2272829  |d 2274759